Every Survivor Contestant In Order (S41-48) - Statistics

General Stats
  • This quiz has been taken 126 times
    31 since last reset
  • The average score is 97 of 144
Answer Stats
Season Placing Contestant % Correct
Survivor 45- 2nd Austin Li Coon
95%
Survivor 45- WINNER Dee Valladares
95%
Survivor 41- WINNER Erika Casupanan
95%
Survivor 45- 3rd Jake O'Kane
95%
Survivor 41- 3rd Xander Hastings
95%
Survivor 43- 2nd Cassidy Clark
89%
Survivor 48 - 2nd Eva Erickson
89%
Survivor 43- 4th Jesse Lopez
89%
Survivor 48 - 3rd Joe Hunter
89%
Survivor 42- 4th Jonathan Young
89%
Survivor 45- 5th Julie Alley
89%
Survivor 48 - WINNER Kyle Fraser
89%
Survivor 42- WINNER Maryanne Oketch
89%
Survivor 43- WINNER Mike Gabler
89%
Survivor 44- WINNER Yam Yam Arocho
89%
Survivor 45- 8th Bruce Perreault
84%
Survivor 44- 3rd Carolyn Wiger
84%
Survivor 46- 2nd Charlie Davis
84%
Survivor 43- 6th Cody Assenmacher
84%
Survivor 41- 2nd Deshawn Radden
84%
Survivor 45- 6th Drew Basile
84%
Survivor 41- 4th Heather Aldret
84%
Survivor 46- 9th Hunter McKnight
84%
Survivor 43- 5th Karla Cruz Godoy
84%
Survivor 46- WINNER Kenzie Petty
84%
Survivor 43- 3rd Owen Knight
84%
Survivor 46- 6th Q Burdette
84%
Survivor 47- WINNER Rachel LaMont
84%
Survivor 41- 5th Ricard Foye
84%
Survivor 46- 8th Tiffany Nicole Ervin
84%
Survivor 46- 7th Venus Vafa
84%
Survivor 47- 6th Andy Rueda
79%
Survivor 46- 3rd Ben Katzman
79%
Survivor 44- 4th Carson Garrett
79%
Survivor 46- 18th David Jelinsky
79%
Survivor 48 - 9th David Kinne
79%
Survivor 45- 7th Emily Flippen
79%
Survivor 47- 5th Genevieve Mushaluk
79%
Survivor 45- 11th Kaleb Gebrewold
79%
Survivor 48 - 4th Kamilla Karthigesu
79%
Survivor 45- 4th Katurah Topps
79%
Survivor 46- 4th Liz Wilcox
79%
Survivor 46- 5th Maria Shrime Gonzalez
79%
Survivor 42- 2nd Mike Turner
79%
Survivor 42- 6th Omar Zaheer
79%
Survivor 47- 2nd Sam Phalen
79%
Survivor 41- 8th Shan Smith
79%
Survivor 47- 10th Sol Yi
79%
Survivor 47- 3rd Sue Smey
79%
Survivor 44- 18th Bruce Perreault
74%
Survivor 44- 8th Frannie Marin
74%
Survivor 44- 2nd Heidi Lagares-Greenblatt
74%
Survivor 47- 8th Kyle Ostwald
74%
Survivor 47- 13th Rome Cooney
74%
Survivor 48 - 6th Shauhin Davari
74%
Survivor 48 - 8th Star Toomey
74%
Survivor 47- 4th Teeny Chirichillo
74%
Survivor 47- 17th TK Foster
74%
Survivor 47- 14th Anika Dhar
68%
Survivor 46- 15th Bhanu Gopal
68%
Survivor 45- 17th Brandon Donlon
68%
Survivor 47- 7th Caroline Vidmar
68%
Survivor 44- 7th Danny Massa
68%
Survivor 41- 6th Danny McCray
68%
Survivor 47- 9th Gabe Ortis
68%
Survivor 45- 18th Hannah Rose
68%
Survivor 41- 14th JD Robinson
68%
Survivor 47- 18th Jon Lovett
68%
Survivor 44- 5th Lauren Harpe
68%
Survivor 42- 5th Lindsay Dolashewich
68%
Survivor 44- 11th Matt Blankinship
68%
Survivor 48 - 5th Mitch Guerra
68%
Survivor 46- 16th Randen Montalvo
68%
Survivor 42- 3rd Romeo Escobar
68%
Survivor 45- 12th Sifu Alsup
68%
Survivor 46- 11th Soda Thompson
68%
Survivor 46- 10th Tevin Davis
68%
Survivor 48 - 15th Thomas Krottinger
68%
Survivor 41- 11th Tiffany Seely
68%
Survivor 44- 10th Brandon Cottom
63%
Survivor 48 - 13th Charity Nelms
63%
Survivor 42- 7th Drea Wheeler
63%
Survivor 41- 9th Evvie Jagoda
63%
Survivor 42- 8th Hai Giang
63%
Survivor 48 - 16th Justin Pioppi
63%
Survivor 45- 10th Kellie Nalbandian
63%
Survivor 45- 9th Kendra McQuarrie
63%
Survivor 47- 15th Kishan Patel
63%
Survivor 48 - 7th Mary Zheng
63%
Survivor 42- 10th Rocksroy Bailey
63%
Survivor 45- 16th Sabiyah Broderick
63%
Survivor 48 - 12th Sai Hughley
63%
Survivor 43- 7th Sami Layadi
63%
Survivor 48 - 14th Bianca Roses
58%
Survivor 41- 15th Brad Reese
58%
Survivor 45- 14th Brando Meyer
58%
Survivor 43- 12th Dwight Moore
58%
Survivor 42- 18th Jackson Fox
58%
Survivor 46- 14th Jem Hussain-Adams
58%
Survivor 45- 13th J. Maya
58%
Survivor 44- 9th Kane Fritzler
58%
Survivor 48 - 17th Kevin Leung
58%
Survivor 41- 7th Liana Wallace
58%
Survivor 46- 13th Moriah Gaynor
58%
Survivor 41- 10th Naseer Muttalif
58%
Survivor 43- 16th Nneka Ejere
58%
Survivor 43- 8th Noelle Lambert
58%
Survivor 45- 15th Sean Edwards
58%
Survivor 41- 12th Sydney Segal
58%
Survivor 42- 9th Tori Meehan
58%
Survivor 42- 17th Zach Wurtenberger
58%
Survivor 48 - 11th Cedrek McFadden
53%
Survivor 42- 11th Chanelle Howell
53%
Survivor 48 - 10th Chrissy Sarnowsky
53%
Survivor 43- 13th Elie Scott
53%
Survivor 41- 18th Eric Abraham
53%
Survivor 41- 13th Genie Chen
53%
Survivor 43- 14th Geo Bustamante
53%
Survivor 44- 6th Jaime Lynn Ruiz
53%
Survivor 43- 11th Jeanine Zheng
53%
Survivor 43- 17th Justine Brennan
53%
Survivor 47- 11th Sierra Wright
53%
Survivor 48 - 18th Stephanie Berger
53%
Survivor 46- 12th Tim Spicer
53%
Survivor 47- 16th Aysha Welch
47%
Survivor 42- 13th Daniel Strunk
47%
Survivor 44- 16th Helen Li
47%
Survivor 42- 15th Jenny Kim
47%
Survivor 46- 17th Jessica Chong
47%
Survivor 42- 12th Lydia Meredith
47%
Survivor 44- 17th Maddy Pomilla
47%
Survivor 42- 16th Marya Sherron
47%
Survivor 44- 13th Matthew Grinstead-Mayle
47%
Survivor 43- 18th Morriah Young
47%
Survivor 43- 9th Ryan Medrano
47%
Survivor 41- 17th Sara Wilson
47%
Survivor 42- 14th Swati Goel
47%
Survivor 41- 16th David Voce
42%
Survivor 43- 10th James Jones
42%
Survivor 44- 12th Josh Wilder
42%
Survivor 44- 15th Claire Rafson
37%
Survivor 43- 15th Lindsay Carmine
37%
Survivor 47- 12th Tiyana Hallums
37%
Survivor 44- 14th Sarah Wade
26%
No matching quizzes found
Score Distribution
Percent of People with Each Score
Percentile by Number Answered
Your Score History
You have not taken this quiz since the last reset